Central Library and Information Centre
Sibsagar Girls' College, Sivasagar : Assam

RAS ,CHANDA AUR ALANKAR ( HINDI ) (Record no. 9834)

MARC details
000 -LEADER
fixed length control field 00466cam a2200181ua 4500
008 - FIXED-LENGTH DATA ELEMENTS--GENERAL INFORMATION
fixed length control field 160228n II |||gr||||Z||||||hin
040 ## - CATALOGING SOURCE
Original cataloging agency MAIN
041 ## - LANGUAGE CODE
-- English
082 ## - DEWEY DECIMAL CLASSIFICATION NUMBER
Classification number 891.43 CHA
100 ## - MAIN ENTRY--PERSONAL NAME
Personal name CHAUDHURY ,DR. LALSINGH .
245 ## - TITLE STATEMENT
Title RAS ,CHANDA AUR ALANKAR ( HINDI )
260 ## - PUBLICATION, DISTRIBUTION, ETC.
Place of publication, distribution, etc. DELHI:
Name of publisher, distributor, etc. MODERN PRESS & PUB.,
Date of publication, distribution, etc. 2008.
300 ## - PHYSICAL DESCRIPTION
Extent 96.:
Dimensions 20CM.
700 ## - ADDED ENTRY--PERSONAL NAME
Personal name CHAUDHURY ,DR. LALSINGH .,
Relator term Author.
942 ## - ADDED ENTRY ELEMENTS (KOHA)
Koha item type Books
653 ## - INDEX TERM--UNCONTROLLED
Uncontrolled term Hindi Books
Holdings
Withdrawn status Lost status Damaged status Not for loan Collection code Home library Current library Shelving location Date acquired Full call number Barcode Date last seen Copy number Price effective from Koha item type
        General Reference Central Library and Information Centre Sibsagar Girls College Central Library and Information Centre Sibsagar Girls College Hindi Books 04.02.1984 891.43 CHA 08681 27.02.2020 1 27.02.2020 Books


Sibsagar Girl's College © 2020. All rights reserved.
Powered by Koha.
Maintained by Abhijit Borpuzari.